000 00212 a2200097 4500
001 30316
100 _aReade, C
245 _aThe Coister & the Hearth
260 _aNewyork
_bModern Lib
_c
090 _c20263
_d20263
942 _aNUST-CAE
_cM
_c11407
999 _c265389
_d265389